000 00540cam a22002051 4500
001 sa 64009243
003 DLC
005 20260227112100.0
008 890317s1963 io 000 0 ind
010 _asa 64009243
035 _a(OCoLC)23560803
040 _aDLC
_cMiU
_dDLC
042 _apremarc
050 0 0 _aJQ779.A55
_bA825
100 1 _aAidit, D. N.,
_d1923-1965.
245 0 0 _aPKI dan Angkatan Darat, Seskoad
260 _aDjakarta,
_bJajasan Pembaruan,
_c1963.
300 _a43 p.
_c14 cm.
610 2 0 _aPartai Komunis Indonesia.
999 _c61326
_d61326